000 01095nam a2200325 i 4500
001 69660
003 Mx-PuUPA
005 20220615120224.0
008 220607b2006 sp a|||gr|||| 00| 0 spa d
017 _aM-4824-2011
020 _a9788430943777
040 _aMx-PuUPA
_bspa
_cMx-PuUPA
_dMx-PuUPA
_erda
041 1 _aspa
100 1 _aGadamer, Hans-Georg,
_d1900-2002
_eautor
_912767
245 1 0 _aEstética y hermenéutica /
_cHans-Georg Gadamer ; traducción de Antonio Gómez Ramos
250 _aTercera edición
264 1 _aMadrid :
_bEditorial Tecnos (Grupo Anaya),
_c2006
300 _a316 páginas ;
_c23 cm
336 _2rdacontent
_atexto
_btxt
337 _2rdamedia
_asin medio
_bn
338 _2rdacarrier
_avolumen
_bnc
650 7 _2armarc
_aEstetica
_xFilosofía
650 7 _2armarc
_aArte y literatura
650 7 _2armarc
_aHermenéutica
700 1 _aGómez Ramos, Antonio,
_etraductor
942 _2ddc
_cLI
_h111.85
_iG123
999 _c69660
_d69660